| 000 | 01350nam a2200325 a 4500 | ||
|---|---|---|---|
| 001 | BRCA_3319 | ||
| 005 | 20190320204224.0 | ||
| 008 | 240309s1877----enka---###---#000-0#eng-# | ||
| 041 | _aeng | ||
| 044 | _aenk | ||
| 084 |
_a613 _b.W376 _c1877 |
||
| 100 | 1 |
_aCervantes Saavedra, Miguel de _d1547-1616 _9213 |
|
| 245 | 1 | 0 |
_aAdventures of Don Quixote de la Mancha _cTranslated from the Spanish of Miguel de Cervantes Saavedra by Motteux. |
| 260 |
_aLondres _bFrederick Warne and Co. _c1877 |
||
| 300 |
_a1 v. en 2 partes (xxxvi, 567 p.) _bil. _c19 cm. |
||
| 440 | 0 |
_aThe Chandos Classics _98775 |
|
| 500 | _aContenido : Noticia biográfica sobre Cervantes. Texto de ambas partes | ||
| 500 | _aEjemplar igual al anterior [611]. Tela; lomo y plano decorados con adornos en rojo, negro y dorado Lúdovik Osterc | ||
| 500 | _aEstado físico : Primeras hojas maltratadas y quebradizas | ||
| 500 | _aQMB125 | ||
| 546 | _aTexto en : inglés | ||
| 650 | 1 | 4 |
_aNovela española _yÉpoca clásica, 1500-1700 _9215 |
| 650 | 1 | 4 |
_aLiteratura española _yÉpoca clásica, 1500-1700 _9216 |
| 650 | 1 | 4 |
_aNovela española _ySiglo XVII _9217 |
| 650 | 1 | 4 |
_aDon Quijote (Personaje ficticio) _eNovela _9218 |
| 700 | 1 |
_aMotteux, Peter Anthony _d1663-1718 _eTraductor _98776 |
|
| 740 | 0 | _aEl Ingenioso Hidalgo Don Quijote de la Mancha | |
| 902 | _aQFM | ||
| 942 |
_2lcc _cB |
||
| 999 |
_c3055 _d3055 |
||